285 décimales de Pi - Statistiques

Statistiques générales
  • Ce quiz a été pris 1 219 fois
    1 192 depuis la dernière actualisation
  • Le résultat moyen est 85 sur 288
Statistiques - réponses
Réponse % Correct
1
99%
4
99%
3
99%
1
97%
5
96%
9
93%
2
89%
5
87%
6
87%
3
83%
5
82%
8
81%
9
80%
7
79%
9
79%
3
77%
2
75%
3
75%
8
75%
4
74%
6
73%
2
72%
6
71%
3
70%
3
70%
4
70%
8
68%
2
67%
3
67%
7
66%
9
66%
5
63%
0
62%
2
62%
8
61%
1
60%
1
60%
4
60%
7
60%
8
60%
9
60%
9
60%
3
59%
6
59%
9
59%
3
58%
7
58%
9
58%
5
57%
1
56%
0
54%
2
54%
5
54%
8
54%
0
52%
7
51%
9
51%
4
49%
4
49%
4
49%
9
49%
5
47%
9
47%
1
46%
2
46%
3
46%
0
45%
4
45%
6
45%
7
45%
8
45%
0
44%
2
44%
6
44%
2
43%
6
43%
8
43%
8
43%
0
42%
1
42%
9
42%
9
42%
0
41%
1
41%
2
41%
2
41%
2
41%
3
41%
4
41%
4
41%
5
41%
6
41%
7
41%
8
41%
8
41%
8
41%
0
40%
3
40%
6
40%
7
40%
9
39%
1
35%
8
35%
2
34%
4
34%
8
34%
0
33%
1
33%
5
33%
6
33%
8
33%
2
31%
2
31%
3
31%
3
31%
8
31%
0
30%
4
30%
6
30%
6
30%
7
30%
0
28%
3
28%
9
28%
4
27%
8
27%
0
26%
4
26%
5
26%
6
26%
9
26%
0
25%
1
25%
2
25%
2
25%
2
25%
3
25%
3
25%
5
25%
5
25%
5
25%
7
25%
8
25%
9
25%
1
24%
2
24%
4
24%
5
24%
8
24%
0
23%
8
23%
1
22%
4
22%
8
22%
1
21%
1
21%
7
21%
0
20%
4
20%
5
20%
1
19%
2
19%
2
19%
4
19%
8
19%
0
18%
1
18%
7
18%
9
18%
0
17%
3
17%
5
17%
8
17%
1
16%
2
16%
5
16%
5
16%
0
15%
1
15%
2
15%
4
15%
4
15%
5
15%
8
15%
9
15%
9
15%
2
14%
4
14%
6
14%
6
14%
9
14%
0
13%
1
13%
3
13%
3
13%
4
13%
5
13%
8
13%
9
13%
9
12%
6
9%
2
8%
4
8%
4
8%
8
8%
8
8%
0
7%
1
7%
5
7%
7
7%
9
7%
1
6%
1
6%
1
6%
1
6%
2
6%
2
6%
2
6%
2
6%
3
6%
3
6%
3
6%
3
6%
4
6%
4
6%
4
6%
4
6%
5
6%
5
6%
5
6%
6
6%
6
6%
6
6%
6
6%
7
6%
7
6%
7
6%
7
6%
8
6%
8
6%
8
6%
8
6%
9
6%
0
5%
0
5%
1
5%
3
5%
4
5%
4
5%
5
5%
5
5%
6
5%
6
5%
6
5%
8
5%
9
5%
9
5%
4
4%
6
4%
6
4%
9
4%
0
3%
1
3%
2
3%
3
3%
3
3%
4
3%
4
3%
6
3%
8
3%
0
2%
1
2%
2
2%
3
2%
3
2%
3
2%
4
2%
4
2%
5
2%
6
2%
6
2%
6
2%
8
2%
9
2%
0
1%
2
1%
3
1%
6
1%
Aucun quiz correspondant
Distribution des résultats
% des personnes avec chaque résultat
Percentile par nombre de réponses
Votre historique - résultats
Vous n’avez pas pris ce quiz depuis la dernière actualisation